Taking up a franchise
| Main Author: | |
|---|---|
| Format: | Book |
| Published: |
London :
Kogan Page ,
1984
|
| Subjects: |
MARC
| LEADER | 00000cam a2200000 7i4500 | ||
|---|---|---|---|
| 001 | 0000004731 | ||
| 002 | 000005101 | ||
| 005 | 20000330.0 | ||
| 020 | |a 0850388953 | ||
| 090 | 0 | 0 | |a 658.870941 |b BAR |
| 100 | 1 | |a Barrow, Colin | |
| 245 | 1 | 0 | |a Taking up a franchise |c Colin Barrow |
| 260 | |a London : |b Kogan Page , |c 1984 | ||
| 300 | |a 265p. ; |c 22cm. | ||
| 650 | 0 | 0 | |a Franchise (Retail trade) |z Great Britain |
| 999 | |a 035390 |b BUKU |c PINJAMAN |e PERPUSTAKAAN KOMUNITI PETALING JAYA | ||